[Event "Starogard Gdanski-ch"]
[Site "Starogard Gdanski"]
[Date "2017.11.10"]
[Round "6.1"]
[White "Zwara, Karolina"]
[Black "Gdaniec, Tomasz"]
[Result "0-1"]
[WhiteElo "1000"]
[BlackElo "1600"]
[PlyCount "42"]
[EventDate "2017.10.06"]
[EventType "tourn"]
[EventRounds "9"]
[EventCountry "POL"]
[SourceTitle "EXT 2023"]
[Source "ChessBase"]
[SourceDate "2022.10.05"]
[SourceVersion "1"]
[SourceVersionDate "2022.10.05"]
[SourceQuality "1"]

1. d4 Nf6 2. Nf3 e6 3. e3 c5 4. c3 b6 5. Bd3 Bb7 6. 0-0 d5 7. Nbd2 Bd6 8. Qa4+ Nbd7 9. Qd1 0-0 10. Ng5 h6 11. Ngf3 Ne4 12. Nb1 Qc7 13. Nh4 Bxh2+ 14. Kh1 Bd6 15. Nf3 Ndf6 16. Nbd2 Ng4 17. Nxe4 dxe4 18. Be2 exf3 19. gxf3 Qe7 20. Bd3 Qh4+ 21. Kg1 Qh2# 0-1

[Event "Starogard Gdanski-ch"]
[Site "Starogard Gdanski"]
[Date "2017.10.06"]
[Round "1.1"]
[White "Szarmach, Andrzej"]
[Black "Zwara, Karolina"]
[Result "1-0"]
[WhiteElo "1767"]
[BlackElo "1000"]
[PlyCount "37"]
[EventDate "2017.10.06"]
[EventType "tourn"]
[EventRounds "9"]
[EventCountry "POL"]
[SourceTitle "EXT 2023"]
[Source "ChessBase"]
[SourceDate "2022.10.05"]
[SourceVersion "1"]
[SourceVersionDate "2022.10.05"]
[SourceQuality "1"]

1. e4 d6 2. d4 e6 3. Nf3 Nf6 4. Nc3 Be7 5. Bd3 0-0 6. 0-0 Nc6 7. b3 e5 8. dxe5 dxe5 9. Bb2 Bd6 10. h3 Be6 11. Ne2 Nb4 12. Nxe5 Nc6 13. Nxc6 bxc6 14. e5 Nd5 15. exd6 Qxd6 16. Ng3 Rab8 17. Qh5 Nf6 18. Bxf6 gxf6 19. Qxh7# 1-0